| 000 | nam a22 7a 4500 | ||
|---|---|---|---|
| 999 |
_c127275 _d127275 |
||
| 008 | 171130b xxu||||| |||| 00| 0 eng d | ||
| 050 | _aBT440.P4713 1996 | ||
| 100 |
_aPesch, Rudolf _937792 |
||
| 245 |
_aThe trial of Jesus continues _c/ Pesch Rudolf |
||
| 260 |
_aPennsylvania _bPickwick Publications _c1996 |
||
| 300 |
_aix, 98p. ; _c22cm. |
||
| 440 |
_aPrinceton theological monograph series _nn.43 _937793 |
||
| 650 |
_aJesu Christ _xTrial _937794 |
||
| 710 |
_aWagner, Doris Glen _etr. _937795 |
||
| 942 |
_2lcc _cMONOGRAPH |
||